000 00583nam a2200217Ii 4500
001 9625
003 CO-ViMGA
008 241108s9999||||xx |||||||||||||| ||und||
020 _a8437230403
040 _aCO-ViMGA
_bspa
_erda
_cCO-ViMGA
041 0 _aspa
084 _aC ASK2t
100 1 _aLudvik Askenazy
_949676
245 1 0 _aLa trucha-sirena
264 1 _aMadrid, EspaƱa : Altea, 1988
300 _avolumen
336 _atext
_btxt
_2rdacontent
337 _aunmediated
_bn
_2rdamedia
338 _avolume
_bnc
_2rdacarrier
940 _aidficha_siabuc: 9411. -- ficha_no_siabuc:9625
999 _c44353
_d44353